建豐二年 : 新中國烏有史

資料類型: Book 圖書   書目號:50943

Leader xxxxxxxxxx
001 __ 102450/5/01
005 __ 20170410105846.716
010 0_ |a978-986-344-294-3|b平裝|d新臺幣320元
020 __ |atw|b104025441
042 __ |anbic
100 __ |a20170410d2015    k  y0chiy50      e
101 0_ |achi
102 __ |atw
105 __ |ay   z   000ay
200 1_ |a建豐二年|e新中國烏有史|f陳冠中著
205 __ |a初版
210 __ |a臺北市|c麥田,城邦文化出版|c家庭傳媒城邦分公司發行|d2015[民104]
215 0_ |a248面|d21公分
225 12 |a麥田文學|v288
510 1_ |aThe second year of Jianfeng|ean alternative history of NewChina|zeng
517 1_ |a新中國烏有史|zchi
700 _1 |a|b冠中|4681 __ |a857.7|b8726
801 _0 |atw|bLibDipper|c20170410|gCCR
詳細館藏(共 1 筆)
索 書 號登 錄 號冊次號館別 / 館藏地流通類型狀態加入預約清單電子資源
857.7 / 8726 1024505  圖書館 / 一樓普通區 可外借30天 在館   

| 條列資料




目錄查詢 分類查詢 個人資料 圖書薦購 新書查詢 閉館日 排行榜 更多電子資源 Hami書城 線上資料庫 登出

From : 216.73.217.87

  本日流通累計至 18:13:27 借閱 : 13 次 續借 : 0 次 歸還 : 10 次 預約 : 0 次 電子資源 : 0 次


內湖高中圖書館  PCLIS 版本  26.5.0.12